| Tag |
First Indicator |
Second Indicator |
Subfields |
| LEADER |
00000cam a2200000 i 4500 |
| 001 |
in00004084875 |
| 005 |
20210514091206.0 |
| 006 |
m o d f |
| 007 |
cr ||||||||||| |
| 008 |
191016s2019 dcua ob f000 0 eng c |
| 035 |
|
|
|a (OCoLC)on1123193119
|
| 042 |
|
|
|a pcc
|
| 043 |
|
|
|a n-us---
|
| 040 |
|
|
|a GPO
|b eng
|e rda
|e pn
|c GPO
|d GPO
|d OCLCF
|d GPO
|d MvI
|
| 049 |
|
|
|a WWW
|
| 050 |
|
4 |
|a KF26
|b .E55 2017z
|
| 074 |
|
|
|a 1040-C (online)
|
| 086 |
0 |
|
|a Y 4.EN 2:S.HRG.115-494
|
| 110 |
1 |
|
|a United States.
|b Congress.
|b Senate.
|b Committee on Energy and Natural Resources,
|e author.
|
| 245 |
1 |
0 |
|a Permitting processes at the Department of the Interior and the Federal Energy Regulatory Commission for energy and resource infrastructure projects :
|b hearing before the Committee on Energy and Natural Resources, United States Senate, One Hundred Fifteenth Congress, first session, to examine the permitting processes at the Department of the Interior and the Federal Energy Regulatory Commission for energy and resource infrastructure projects and opportunities to improve the efficiency, transparency, and accountability of federal decisions for such projects, December 12, 2017.
|
| 264 |
|
1 |
|a Washington :
|b U.S. Government Publishing Office,
|c 2019.
|
| 300 |
|
|
|a 1 online resource (iv, 154 pages) :
|b illustrations.
|
| 336 |
|
|
|a text
|b txt
|2 rdacontent
|
| 337 |
|
|
|a computer
|b c
|2 rdamedia
|
| 338 |
|
|
|a online resource
|b cr
|2 rdacarrier
|
| 490 |
1 |
|
|a S. hrg. ;
|v 115-494
|
| 588 |
|
|
|a Description based on online resource; title from PDF title screen (govinfo web site, viewed on Oct. 16, 2019).
|
| 504 |
|
|
|a Includes bibliographical references.
|
| 650 |
|
0 |
|a Environmental permits
|z United States.
|
| 650 |
|
0 |
|a Licenses
|x Government policy
|z United States.
|
| 650 |
|
0 |
|a Infrastructure (Economics)
|z United States.
|
| 650 |
|
0 |
|a Economic development projects
|x Government policy
|z United States.
|
| 610 |
1 |
0 |
|a United States.
|b Department of the Interior
|x Rules and practice.
|
| 610 |
1 |
0 |
|a United States.
|b Federal Energy Regulatory Commission
|x Rules and practice.
|
| 610 |
1 |
7 |
|a United States.
|b Department of the Interior.
|2 fast
|0 (OCoLC)fst01853028
|
| 610 |
1 |
7 |
|a United States.
|b Federal Energy Regulatory Commission.
|2 fast
|0 (OCoLC)fst00526360
|
| 650 |
|
7 |
|a Economic development projects
|x Government policy.
|2 fast
|0 (OCoLC)fst00901916
|
| 650 |
|
7 |
|a Environmental permits.
|2 fast
|0 (OCoLC)fst00913244
|
| 650 |
|
7 |
|a Infrastructure (Economics)
|2 fast
|0 (OCoLC)fst00973275
|
| 651 |
|
7 |
|a United States.
|2 fast
|0 (OCoLC)fst01204155
|
| 655 |
|
7 |
|a Legislative hearings.
|2 fast
|0 (OCoLC)fst01910825
|
| 655 |
|
7 |
|a Rules.
|2 fast
|0 (OCoLC)fst01423857
|
| 655 |
|
7 |
|a Legislative hearings.
|2 lcgft
|
| 776 |
0 |
8 |
|i Print version:
|a United States. Congress. Senate. Committee on Energy and Natural Resources.
|t Permitting processes at the Department of the Interior and the Federal Energy Regulatory Commission for energy and resource infrastructure projects
|w (OCoLC)1123193121
|
| 776 |
0 |
8 |
|i Microfiche version:
|a United States. Congress. Senate. Committee on Energy and Natural Resources.
|t Permitting processes at the Department of the Interior and the Federal Energy Regulatory Commission for energy and resource infrastructure projects
|w (OCoLC)1248938094
|
| 810 |
1 |
|
|a United States.
|b Congress.
|b Senate.
|t S. hrg. ;
|v 115-494.
|
| 856 |
4 |
0 |
|u https://purl.fdlp.gov/GPO/gpo127082
|t 0
|
| 999 |
f |
f |
|s 0dfbe38c-1b7f-3ba6-af8a-933c2dc39aa4
|i 31f90332-9305-3746-af03-4c63069ec335
|t 0
|
| 952 |
f |
f |
|a Texas A&M University
|b College Station
|c Electronic Resources
|d Available Online
|t 0
|e Y 4.EN 2:S.HRG.115-494
|h Superintendent of Documents classification
|
| 998 |
f |
f |
|a Y 4.EN 2:S.HRG.115-494
|t 0
|l Available Online
|